Missing Word: I Worked With Tom Hanks! Quiz Stats

 Plays Quiz Updated Sep 21, 2014

Challenge
Share
Tweet
Embed
Score 0/16 Timer 05:00
1 Play Today
Hint Answer % Correct
Meg _____Ryan
98.3%
Leonardo _____DiCaprio
94.3%
Matt _____Damon
94%
Halle _____Berry
91.6%
Helen _____Hunt
82.3%
Daryl _____Hannah
81.1%
Tim _____Allen
80.8%
Kevin _____Bacon
76.1%
Hint Answer % Correct
Emma _____Thompson
68.6%
Robin _____Wright
60.2%
Michael Clarke _____Duncan
57%
Catherine _____Zeta-Jones
54.5%
Greg _____Kinnear
49.7%
Elizabeth _____Perkins
22.9%
Michael _____Jeter
5.7%
Thomas _____Horn
4.9%

Today's Daily Dose

You're not logged in!

Compare scores with friends on all Sporcle quizzes.
Join for Free
OR
Log In

You Might Also Like...

Show Comments

Extras

Top Quizzes Today


Score Distribution

Your Account Isn't Verified!

In order to create a playlist on Sporcle, you need to verify the email address you used during registration. Go to your Sporcle Settings to finish the process.

Report this User

Report this user for behavior that violates our Community Guidelines.

Details: